[Event "5th Srefidensi Celebration 2017"]
[Site "Paramaribo"]
[Date "2017.11.24"]
[Round "4"]
[White "Hanoeman, Suradj"]
[Black "Sanches, Casanova Romario"]
[Result "1-0"]
[WhiteElo "2048"]
[BlackElo "2103"]
[Annotator "TA"]
[PlyCount "105"]
[EventDate "2017.??.??"]
[EventCountry "SUR"]
[SourceTitle "playchess.com"]
[Source "ChessBase"]
[SourceQuality "1"]

{[%evp 17,105,42,52,45,54,33,41,29,49,59,54,20,41,43,51,0,-8,-47,-37,-43,-47,-164,-169,-170,-179,-179,-190,-226,-208,-200,-217,-227,-167,-166,-161,-160,-157,-160,0,-31,0,0,30,33,56,35,39,35,76,29,34,28,40,0,50,20,353,344,375,272,577,68,494,171,430,419,370,0,0,0,24,0,303,280,29990,29991,29994,29995,29995,29994,29994,29995,29995,29996,29996,29997,29997,29998,29998,29999]} 1. d4 Nf6 2. Nf3 g6 3. c4 Bg7 4. Nc3 d6 5. e4 O-O 6. h3 e5 7. d5 Nbd7 8. Bg5 h6 9. Be3 Nh5 {LiveBook: 10 Partien} 10. Nh2 {E90: Königsindisch (Klassisches System)} (10. Nd2 a5 11. g3 Nc5 12. Be2 Nf6 13. g4 Nfd7 14. h4 f5 15. gxf5 gxf5 16. exf5 Nf6 17. Qc2 e4 {1-0 (39) Cramling,P (2495)-Dembo,Y (2468) Beijing 2011}) 10... Kh7 11. Be2 {[%cal Bf1e2,Be2f3,Bf3e4][%mdl 32]} Nf4 12. Bf3 $146 {Weiß steht etwas besser.} ({Vorgänger:} 12. Bf1 a6 13. g3 Nh5 14. Be2 Nhf6 15. h4 {0-1 (66) Fischer,A (2051)-Reimer,O (1904) Bad Homburg 2014}) 12... Nc5 13. Bxc5 $1 dxc5 14. Ng4 (14. h4 $5) 14... f5 15. Ne3 c6 $1 16. g3 (16. Qc2 $14) 16... fxe4 $11 17. Bxe4 Nxh3 18. Qh5 Qf6 19. Rxh3 (19. Rh2 $15) 19... Bxh3 $19 (19... Qxf2+ 20. Kd1 $17) 20. O-O-O Bf5 21. Qh1 Rad8 22. g4 Bxe4 23. Nxe4 Qf4 24. Kb1 b6 25. Rg1 {[%cal Bd1g1,Bg1g3,Bg3d3][%mdl 32]} Kg8 26. Rg3 cxd5 27. Nxd5 Rxd5 ({Besser ist} 27... Qf7 $17 {Weiss muss nun ...b5! beachten.} 28. Rb3 Kh8) 28. cxd5 $15 Rd8 (28... Bf6 $5) 29. d6 Bf8 30. Rd3 Kg7 31. f3 {[%mdl 1024] Weiss hat Kompensation.} c4 32. Rd5 Qe3 33. Qd1 (33. Qh2 $5 {[%cal Rh2e5]} Qf4 34. Qe2 $14) 33... a6 34. a3 Rd7 35. Nc3 b5 36. Ne4 {Sc5 ist eine echte Drohung.} Qb6 $2 {[%mdl 8192] [#]} (36... Rd8 $1 $11) 37. Qd2 $18 a5 38. g5 h5 $2 (38... Qg1+ 39. Kc2 Qh1) 39. Nf6 $2 (39. Qh2 $18 Kf7 40. Qxe5) 39... Qg1+ $2 {[%mdl 8192]} (39... Rd8 $14) 40. Ka2 $2 (40. Kc2 Qa7 41. Rxe5) 40... b4 $2 (40... Rb7) 41. axb4 axb4 {[#] ( -> ...Ta7+)} 42. Qxb4 $2 (42. Nxd7 $18 Qa7+ 43. Kb1) 42... Ra7+ $11 43. Ra5 {Und weiter mit Da4 wäre nett.} Rxa5+ 44. Qxa5 {Beabsichtigt Dc7+ und Matt.} Bxd6 $4 {[%mdl 8192]} (44... Qxg5 $11 45. Ne4 Qf5 46. Qc7+ Kg8) 45. Ne8+ $18 Kh7 $2 (45... Kf8 $18 46. Nxd6 Qxg5 47. Qa8+ Ke7) 46. Nxd6 {Weiß setzt Matt.} Qd4 47. Qc7+ Kh8 48. Qd8+ Kg7 49. Qe7+ Kg8 50. Qf7+ Kh8 51. Qf8+ Kh7 52. Qh6+ Kg8 53. Qxg6+ {Precision: Weiß = 53%, Schwarz = 27%.} 1-0

[Event "5th Srefidensi Celebration 2017"]
[Site "Paramaribo"]
[Date "2017.11.24"]
[Round "4"]
[White "Giasi, Viresh"]
[Black "Harper, Ryan"]
[Result "1/2-1/2"]
[WhiteElo "1960"]
[BlackElo "2201"]
[Annotator "TA"]
[PlyCount "118"]
[EventDate "2017.??.??"]
[EventCountry "SUR"]
[SourceTitle "playchess.com"]
[Source "ChessBase"]
[SourceQuality "1"]

{[%evp 10,118,15,15,42,18,31,30,30,18,33,0,44,39,47,29,85,12,26,14,13,11,20,18,23,16,12,23,31,0,0,0,11,14,11,0,25,37,48,41,43,14,43,-22,-24,-27,-29,-24,-17,-22,-23,-27,15,-4,0,-22,-10,-25,10,0,0,0,44,47,50,42,49,37,97,98,90,99,95,77,91,91,92,72,75,44,54,54,79,79,80,75,87,72,73,73,73,63,73,63,73,73,73,73,75,75,75,75,75,75,75,54,54,54,54,54,54]} 1. Nf3 e6 2. c4 c5 3. e3 Nf6 4. Be2 (4. d4 d5 5. cxd5 exd5 6. Bb5+ Bd7 7. Bxd7+ Nbxd7 8. dxc5 Nxc5 9. O-O Be7 10. Nc3 O-O 11. b3 Nce4 12. Ne2 Qa5 13. Bb2 Ba3 14. Bxa3 Qxa3 15. Qc1 Qa6 16. Qb2 Rac8 17. Nfd4 Rc7 18. Rac1 Rfc8 19. a4 {1-0 (60) Aronian,L (2780)-Caruana,F (2805) Stavanger 2015}) 4... Nc6 5. O-O d5 6. d4 {LiveBook: 12 Games. A30: Symmetrical English: Double Fianchetto and Hedgehog} Bd6 7. Nc3 a6 8. dxc5 Bxc5 9. a3 O-O 10. Qc2 Qe7 11. b4 Bd6 12. Bb2 Bd7 $146 (12... dxc4 $11 {keeps the balance.} 13. Bxc4 Ne5 14. Nxe5 Bxe5) ({Predecessor:} 12... Rd8 13. Rfd1 dxc4 14. Bxc4 b5 15. Bd3 Bb7 16. Ne4 Nxe4 17. Bxe4 {0-1 (52) Sebih,K (2222)-Abdel Razik,K (2450) Monastir 2013}) 13. Rfd1 (13. Ng5 $16 Ne5 14. cxd5) 13... dxc4 $11 14. Bxc4 Ne5 15. Be2 Rac8 16. Qd2 Bb8 17. Qd4 Nxf3+ 18. Bxf3 e5 19. Qd3 Be6 20. Ne4 Bc4 21. Nxf6+ Qxf6 22. Qe4 b5 23. Rac1 h6 24. h3 Qe6 25. Qb1 Kh8 26. e4 ({Better is} 26. Rd2 $14) 26... Rcd8 27. Rxd8 Rxd8 28. Rd1 Qe7 29. Rxd8+ Qxd8 30. Qd1 Qe7 31. Be2 Qc7 32. Bg4 Ba7 33. Qd7 Qxd7 (33... Qb6 {seems wilder.} 34. Qd2 Qf6 35. g3 Kh7 36. Kg2 Qc6) 34. Bxd7 {[%mdl 4096] Endgame KBB-KBB} Bd4 35. Bc1 Bc3 36. Bc8 a5 37. bxa5 Bxa5 38. Bb2 b4 (38... f6 $14) 39. axb4 $16 Bxb4 40. Bxe5 Bc5 41. Bg3 Kg8 42. Kh2 Kf8 43. Bb7 Ke7 44. Be5 f6 45. Bg3 Bd4 46. f3 g5 47. h4 Bb5 48. hxg5 hxg5 49. Bc8 Be3 50. Bh3 Bd3 51. Bb8 Bf2 52. Bc7 Bd4 53. Kg3 Be5+ 54. Bxe5 fxe5 {KB-KB} 55. Kf2 Kf6 56. g3 Bc4 57. Bf1 Be6 {White is slightly better.} 58. Ke3 Bc8 59. Bc4 Bd7 {Precision: White = 56%, Black = 44%.} 1/2-1/2

[Event "5th Srefidensi Celebration 2017"]
[Site "Paramaribo"]
[Date "2017.11.24"]
[Round "5"]
[White "Bruzon Batista, Lazaro"]
[Black "Tiviakov, Sergei"]
[Result "1/2-1/2"]
[WhiteElo "2661"]
[BlackElo "2591"]
[Annotator "TA"]
[PlyCount "20"]
[EventDate "2017.??.??"]
[EventCountry "SUR"]
[SourceTitle "playchess.com"]
[Source "ChessBase"]
[SourceQuality "1"]

{[%evp 13,20,0,-6,-20,-8,-27,-19,-18,-5]} 1. d4 Nf6 2. c4 e6 3. Nf3 b6 4. e3 Bb7 5. Bd3 d5 6. cxd5 exd5 7. b3 {E14: Queen's Indian: Classical Variation (4 e3)} (7. O-O Bd6 8. b3 Qe7 9. Nc3 a6 10. Bb2 Nbd7 11. Ne2 Ne4 12. Ng3 g6 13. Rc1 O-O 14. Qc2 a5 15. Rfd1 Nxg3 16. hxg3 {½-½ (36) Vidit,S (2689)-Karjakin,S (2785) Doha 2016}) 7... Bb4+ {LiveBook: 6 Games} 8. Bd2 Bd6 9. Nc3 a6 10. O-O Nbd7 $146 ({Predecessor:} 10... O-O 11. Ne5 c5 12. f4 Nc6 13. Ne2 Ne4 14. Bxe4 dxe4 {½-½ (65) Keresztes,R (2214)-Nagy,G (2396) Kecskemet 2015}) 1/2-1/2

[Event "5th Srefidensi Celebration 2017"]
[Site "Paramaribo"]
[Date "2017.11.24"]
[Round "5"]
[White "Zavarce, Oscar Enrique"]
[Black "Halfhide, Sebastian"]
[Result "1-0"]
[WhiteElo "2391"]
[BlackElo "2333"]
[Annotator "NA"]
[PlyCount "93"]
[EventDate "2017.??.??"]
[EventCountry "SUR"]
[SourceTitle "playchess.com"]
[Source "ChessBase"]
[SourceQuality "1"]
[TimeControl "5400+30"]

1. Nf3 Nf6 2. c4 g6 3. g3 Bg7 4. Bg2 d6 5. d4 O-O 6. O-O a6 7. Nc3 Nc6 8. Bf4 h6 9. h3 Rb8 10. Rc1 Bd7 11. b3 b5 12. Nd5 $11 Nh5 13. Bd2 e6 14. g4 exd5 15. gxh5 bxc4 16. bxc4 dxc4 17. Rxc4 Ne7 18. Ba5 Nd5 19. Bd2 g5 20. Re1 Nf6 21. Qc2 c6 22. e4 Nxh5 23. e5 d5 24. Rc3 Re8 25. Nh2 Qb6 26. Qd3 Re6 27. Rb3 Qd8 28. Rxb8 Qxb8 29. Rb1 Qc8 30. Qf3 Nf4 31. Bxf4 gxf4 32. Qxf4 Rg6 33. e6 Bxe6 34. Rb8 Qxb8 35. Qxb8+ Kh7 36. Kf1 Bxd4 37. Nf3 Bg7 38. Qb1 Kh8 39. Qb8+ Kh7 40. Ne5 Rf6 41. Nxc6 Bf5 42. Ne7 Bd3+ 43. Kg1 h5 44. Qg8+ Kh6 45. Nxd5 Rg6 46. Nf4 Rd6 47. Qxf7 1-0

[Event "5th Srefidensi Celebration 2017"]
[Site "Paramaribo"]
[Date "2017.11.24"]
[Round "5"]
[White "Husbands, Orlando"]
[Black "Lu, Shanglei"]
[Result "0-1"]
[WhiteElo "2327"]
[BlackElo "2640"]
[Annotator "TA"]
[PlyCount "112"]
[EventDate "2017.??.??"]
[EventCountry "SUR"]
[SourceTitle "playchess.com"]
[Source "ChessBase"]
[SourceQuality "1"]

{[%evp 21,112,2,12,-41,-24,-28,-41,-15,-22,-21,-31,-28,0,0,0,0,0,0,0,0,41,0,0,0,0,0,0,0,0,0,0,0,112,0,0,0,0,0,0,0,0,-5,0,0,0,-4,0,0,0,-150,-150,-163,-125,-135,-138,-535,-528,-472,-495,-473,-368,-682,-599,-1280,-1272,-1289,-1282,-1200,-710,-12851,-12851,-12851,-12851,-12851,-12851,-12851,-12851,-12851,-12851,-29970,-29972,-29974,-29975,-29975,-29975,-29978,-29979,-29980,-29981,-29980,-29980,-29984,-29985]} 1. e4 c5 2. Nf3 d6 3. d4 cxd4 4. Nxd4 Nf6 5. Nc3 a6 6. Bg5 e6 7. f4 Qb6 8. Qd2 Qxb2 9. Rb1 Qa3 10. f5 Be7 {B97: Sicilian Najdorf: Poisoned Pawn} (10... Nc6 11. fxe6 fxe6 12. Nxc6 bxc6 13. e5 dxe5 14. Bxf6 gxf6 15. Ne4 Qxa2 16. Rd1 Be7 17. Be2 O-O 18. O-O f5 19. Qh6 Qxc2 20. Rf3 f4 21. Rh3 Rf7 22. Rhd3 Qxe2 23. Rd8+ Rf8 24. Nf6+ Kf7 25. Qxh7+ Kxf6 26. Qh6+ Kf7 27. Qh7+ Kf6 28. Qh6+ Kf7 29. Qh7+ {½-½ (29) Radjabov,T (2710)-Grischuk,A (2750) Moscow 2017}) 11. fxe6 Bxe6 {LiveBook: 4 Games} 12. Rxb7 (12. Nxe6 $11 fxe6 13. Bc4 (13. Rxb7 Nc6 $14)) 12... Nbd7 $15 {Black is slightly better.} 13. Be2 (13. Nc6 Rc8 $17) 13... Rc8 14. Nxe6 fxe6 15. Rb3 $1 {[%cal Rb3a3]} Qa5 16. O-O O-O $146 {aiming for ...Rxc3!} ({Predecessor:} 16... Nc5 17. Rbb1 Ncd7 {½-½ (19) Raja,H (2377)-Riff,J (2493) Warsaw 2017}) 17. Nd5 $1 {[%cal Rd5e7]} Qxd2 18. Nxe7+ Kf7 19. Bxd2 Rxc2 20. e5 $1 {[%cal Re5f6]} dxe5 21. Bh5+ g6 22. Bh6 gxh5 23. Rb7 Rd8 24. Bg5 Ke8 $1 {Hoping for ...Ne4.} 25. Bxf6 Nxf6 26. Rxf6 {Black must now prevent Ng8.} Rd1+ 27. Rf1 Rdd2 28. Rfb1 Rxg2+ 29. Kf1 Rcf2+ 30. Ke1 Rxa2 {[%cal Rg2g1]} 31. Kf1 Raf2+ ({But not} 31... Rxh2 32. Kg1 $17) 32. Ke1 Rc2 {[%cal Rg2g1]} 33. Kf1 $1 Rxh2 {[%cal Rh2h1]} 34. Kg1 Rhg2+ 35. Kf1 (35. Kh1 $11) 35... Rgf2+ $17 36. Kg1 {[#]} Rf7 $1 {[%cal Rf7e7]} 37. Ng8 {[#]} Kf8 $1 {...Rxb7 is the strong threat.} 38. Nh6 $2 {[%mdl 8192]} (38. R7b3 $17 {is more resistant.}) 38... Rg7+ $19 39. Kf1 {[#]} Rc1+ $1 {[%mdl 512]} 40. Rxc1 {[%cal Rc1c8]} Rxb7 {[%mdl 4096] Endgame KRN-KR} 41. Rc8+ $2 (41. Rc5 Rg7 42. Rxe5) 41... Kg7 42. Re8 Kxh6 43. Rxe6+ {KR-KR} Kg5 44. Rxe5+ Kf4 45. Rxh5 Ke3 46. Rh6 a5 {[%cal Ba6a5,Ba5a4,Ba4a3,Ba3a2][%mdl 32]} 47. Ra6 Rb1+ 48. Kg2 Rb5 49. Rh6 a4 50. Rxh7 Ra5 {Black mates.} 51. Re7+ Kd3 52. Rd7+ Kc3 53. Rf7 a3 54. Rf3+ Kd4 55. Rf4+ Ke3 56. Rf8 a2 {Precision: White = 38%, Black = 73%.} 0-1

[Event "5th Srefidensi Celebration 2017"]
[Site "Paramaribo"]
[Date "2017.11.24"]
[Round "5"]
[White "Farley, Terry"]
[Black "Hanoeman, Suradj"]
[Result "0-1"]
[WhiteElo "2253"]
[BlackElo "2048"]
[Annotator "NA"]
[PlyCount "78"]
[EventDate "2017.??.??"]
[EventCountry "SUR"]
[SourceTitle "playchess.com"]
[Source "ChessBase"]
[SourceQuality "1"]
[TimeControl "5400+30"]

1. e4 c5 2. Nf3 e6 3. d4 cxd4 4. Nxd4 a6 5. Nc3 Qc7 6. Be2 Nf6 7. O-O d6 8. f4 Nbd7 9. Kh1 b5 10. e5 b4 11. Ncb5 axb5 12. exf6 Nxf6 13. f5 e5 14. Nxb5 Qb8 15. Bg5 Bd7 16. a4 bxa3 17. bxa3 Bc6 18. Rb1 Qd8 19. Bf3 Qd7 20. Re1 Be7 21. Bxf6 gxf6 22. c4 Rc8 23. Nc3 Bxf3 24. Qxf3 Rxc4 25. Nd5 Bd8 26. Rbc1 Qc8 27. Qf1 Rc5 28. a4 O-O 29. a5 Qa8 30. Rxc5 dxc5 31. Qf3 Qxa5 32. Rf1 Qd2 33. Rd1 Qg5 34. Qe4 Kh8 35. g3 Rg8 36. Ne3 Ba5 37. Rd7 Be1 38. Rxf7 Bxg3 39. Ra7 Bf2 0-1

[Event "5th Srefidensi Celebration 2017"]
[Site "Paramaribo"]
[Date "2017.11.24"]
[Round "5"]
[White "Harper, Ryan"]
[Black "Garcia Martinez, Silvino"]
[Result "1/2-1/2"]
[WhiteElo "2201"]
[BlackElo "2335"]
[Annotator "NA"]
[PlyCount "70"]
[EventDate "2017.??.??"]
[EventCountry "SUR"]
[SourceTitle "playchess.com"]
[Source "ChessBase"]
[SourceQuality "1"]
[TimeControl "5400+30"]

1. e4 c5 2. Nf3 d6 3. d4 cxd4 4. Nxd4 Nf6 $11 5. Nc3 a6 6. Bg5 e6 7. f4 Qc7 8. Qe2 Nbd7 9. O-O-O Be7 10. g4 O-O 11. Bg2 Re8 12. h4 Nc5 13. e5 dxe5 14. fxe5 Nfd7 15. Bxe7 Rxe7 16. b4 Nb3+ 17. Kb2 Nxd4 18. Rxd4 Re8 19. Re1 Nb6 20. Qe4 Rb8 21. Bf1 Bd7 22. Bd3 g6 23. Qf4 Bc6 24. h5 Qe7 25. Be4 Bb5 26. Bd3 Bc6 27. Be4 Bb5 28. Bd3 Bxd3 29. cxd3 Red8 30. Ne4 g5 31. Qf6 Qxf6 32. Nxf6+ Kg7 33. Ree4 h6 34. Kb3 Rbc8 35. a4 Nd5 1/2-1/2

[Event "5th Srefidensi Celebration 2017"]
[Site "Paramaribo"]
[Date "2017.11.24"]
[Round "6"]
[White "Lu, Shanglei"]
[Black "Hanoeman, Suradj"]
[Result "1-0"]
[WhiteElo "2640"]
[BlackElo "2048"]
[Annotator "TA"]
[PlyCount "83"]
[EventDate "2017.??.??"]
[EventCountry "SUR"]
[SourceTitle "playchess.com"]
[Source "ChessBase"]
[SourceQuality "1"]

{[%evp 12,83,54,60,140,137,131,135,127,138,118,132,145,70,88,21,30,5,101,91,108,47,47,55,54,56,56,56,56,56,56,56,70,56,44,47,79,81,84,58,58,62,117,87,93,21,308,320,300,281,322,324,513,311,791,765,777,771,755,760,810,768,815,810,2264,2154,1988,1988,1779,1571,2721,2485,29978,29978]} 1. e4 c5 2. Nf3 {[%cal Bg1f3,Bf3d4,Bd4b5,Bb5d6][%mdl 32]} e6 3. g3 Nc6 4. Bg2 g6 5. d4 cxd4 6. Nxd4 {B40: Sizilianisch (Klassisches System mit e7-e6)} Bg7 (6... Qb6 7. Nxc6 bxc6 8. Be3 Qc7 9. O-O Bg7 10. Bc5 d5 11. Nd2 Nf6 12. Re1 Bf8 13. Bxf8 Kxf8 {0-1 (49) Carlsen,M (2837)-Svidler,P (2749) Astana 2012}) 7. Nb5 {LiveBook: 3 Partien} Qa5+ (7... d5 $14) 8. N1c3 $16 {Weiß steht deutlich besser.} a6 9. Nd6+ Ke7 10. O-O Qc5 $146 ({Vorgänger:} 10... Qb4 11. Nxc8+ Rxc8 12. a3 Qd4 13. Qe2 Na5 14. Be3 Qc4 15. Qd3 Nf6 16. Rad1 Qc7 17. Bf4 Qd8 18. e5 Nc4 19. exf6+ {1-0 (19) Hirschmann,J (1889)-Berkov,M (1713) Oberhof 2012}) 11. Nxc8+ Rxc8 12. Re1 (12. Be3 $16 Bd4 13. Na4) 12... Bd4 13. Qd2 (13. Nd5+ $16 Kd8 14. Ne3) 13... Nf6 $11 14. Nd1 h5 (14... Qh5 $1 $11 {hält das Gleichgewicht.}) 15. c3 $16 Be5 16. Ne3 (16. b4 $16 Qb6 17. a4) 16... h4 $14 17. Nd5+ exd5 18. exd5 hxg3 19. hxg3 Kf8 $1 20. dxc6 dxc6 21. Qe3 Bd6 {Droht ...Te8.} 22. Qf3 Kg7 23. Be3 Qh5 24. Qxh5 Rxh5 25. Rad1 Bc5 26. Bf4 $36 {[%mdl 2048] Weiss kämpft um Vorteil.} Ng4 (26... a5 $14) 27. Re2 Rch8 28. Rd7 ({Lieber} 28. Rdd2 $16) 28... Nf6 $2 {[%mdl 8192] [#]} (28... Rf5 $1 $11) 29. Rxb7 $18 Rd8 30. Bxc6 Rd1+ 31. Kg2 Ng4 (31... g5 $142) 32. Rd7 Rdh1 $2 {[#]} (32... Rxd7 33. Bxd7 f5 34. Be5+ Nxe5) 33. Bd5 R1h2+ 34. Kf3 Nh6 35. b4 Bb6 36. c4 Rf5 37. c5 g5 38. cxb6 gxf4 39. b7 fxg3+ 40. Kxg3 Rfh5 41. Be6 Rh1 42. b8=Q {Precision: Weiß = 64%, Schwarz = 28%.} 1-0

[Event "5th Srefidensi Celebration 2017"]
[Site "Paramaribo"]
[Date "2017.11.24"]
[Round "6"]
[White "Tiviakov, Sergei"]
[Black "Harper, Ryan"]
[Result "1-0"]
[WhiteElo "2591"]
[BlackElo "2201"]
[Annotator "TA"]
[PlyCount "63"]
[EventDate "2017.??.??"]
[EventCountry "SUR"]
[SourceTitle "playchess.com"]
[Source "ChessBase"]
[SourceQuality "1"]

{[%evp 18,63,-2,-14,0,0,0,-14,0,0,0,0,10,0,0,-11,0,0,7,0,26,28,95,85,251,248,354,354,364,360,397,387,400,406,390,383,429,428,716,725,1055,1032,29991,29992,29993,29988,29988,29989]} 1. e4 {[%cal Be2e4,Be4e5][%mdl 32]} c5 2. c3 Nf6 3. e5 Nd5 4. Nf3 e6 5. Bc4 d6 6. exd6 {B22: Sicilian: 2 c3} (6. d4 Nc6 7. O-O cxd4 8. cxd4 Be7 9. exd6 Qxd6 10. Nc3 Nxc3 11. bxc3 O-O 12. Re1 Qd8 13. Qe2 b6 14. d5 Na5 15. dxe6 Nxc4 16. exf7+ Kh8 17. Qxc4 Bb7 18. Ne5 Bd6 19. Bf4 Rc8 20. Qe6 Qf6 21. Ng6+ Qxg6 22. Qxg6 hxg6 23. Bxd6 Rxf7 {½-½ (86) Jones,G (2660)-Cori Tello,J (2641) Tbilisi 2017}) 6... Bxd6 7. d4 cxd4 8. Qxd4 O-O 9. O-O Nc6 10. Qe4 {LiveBook: 4 Games} Nf6 11. Qe2 Qc7 12. Nbd2 e5 $146 ({Predecessor:} 12... Bd7 13. Rd1 Rad8 14. Nf1 h6 15. h3 Ne7 {0-1 (42) Mamedjarova,T (2274)-Kovacevic,A (2531) Novi Sad 2016}) 13. Ne4 Nxe4 14. Qxe4 {Black must now prevent Ng5.} Ne7 $1 15. Ng5 {[%csl Gg5][%cal Re4h7]} Bf5 16. Qe2 $1 Rac8 17. Bb3 {[%cal Bc4b3,Bb3d1,Bd1g4][%mdl 32]} Qc6 18. Re1 Bg6 19. Nf3 $36 {[%mdl 2048] White has the initiative.} Nf5 (19... e4 $11 {remains equal.} 20. Nh4 Kh8) 20. g4 $16 {[%cal Bg2g4,Bg4f5][%mdl 32]} Rce8 $2 (20... e4 $16 21. Qxe4 Qxe4 22. Rxe4 Nh4) 21. gxf5 $18 Bh5 {[#]} (21... Bxf5 {keeps fighting.} 22. Be3 Bh3) 22. Bd1 $1 e4 {[#]} 23. Ne5 $1 {[%mdl 512]} Rxe5 (23... Bxe5 24. Qxh5) 24. Qxh5 g6 25. Qh4 Rxf5 26. Rxe4 Qb6 27. Bg4 Rc5 (27... Rd5 $142 28. Be2 h5) 28. Bh6 Qxb2 29. Rd1 {Strongly threatening Qf6.} f5 30. Bxf8 {White mates.} Bxf8 31. Rd7 {[%csl Gd7][%cal Rh4h7]} Qb1+ 32. Bd1 {Precision: White = 78%, Black = 27%.} 1-0

[Event "5th Srefidensi Celebration 2017"]
[Site "Paramaribo"]
[Date "2017.11.24"]
[Round "6"]
[White "Enkhtuul, Altan-Ulzii"]
[Black "Giasi, Viresh"]
[Result "1-0"]
[WhiteElo "2356"]
[BlackElo "1960"]
[Annotator "TA"]
[PlyCount "97"]
[EventDate "2017.??.??"]
[EventCountry "SUR"]
[SourceTitle "playchess.com"]
[Source "ChessBase"]
[SourceQuality "1"]

{[%evp 13,97,0,0,2,15,14,8,-6,-8,-10,0,-10,6,0,0,-6,59,19,35,0,0,-39,-37,-91,-81,-72,-66,-64,-43,-66,-49,-44,-37,-59,-31,-51,-52,-75,-59,-61,-51,-66,-67,-83,-85,-111,-49,-51,0,0,0,0,0,0,0,0,159,160,223,216,217,208,200,193,197,191,237,233,222,224,420,310,314,302,302,331,335,330,411,402,473,470,466,457,460,429]} 1. Nf3 Nf6 2. g3 g6 3. Bg2 Bg7 4. O-O O-O 5. d4 d5 6. c3 Nbd7 7. Nbd2 Re8 8. c4 {D02: 1 d4 d5 2 Nf3 sidelines, including 2...Nf6 3 g3 and 2...Nf6 3 Bf4} (8. e4 Nxe4 9. Nxe4 dxe4 10. Ng5 Nf6 11. Qb3 e6 12. Re1 a5 13. a4 Ra6 14. Nxe4 {½-½ (14) Sanal,V (2542)-Predojevic,B (2614) Ruma 2017}) 8... c6 9. cxd5 $146 ({Predecessor:} 9. b3 Ne4 10. Bb2 Ndf6 11. Ne5 Bf5 12. f3 Nxd2 13. Qxd2 Nd7 14. Nxd7 Qxd7 15. e4 Bh3 16. Bxh3 Qxh3 {½-½ (51) Pezerovic,E (2447)-Hackel,M (2353) Germany 1999}) 9... cxd5 10. Nb3 {The position is equal.} b6 11. Bf4 Nh5 12. Bg5 Bb7 13. Rc1 h6 14. Be3 f5 ({Better is} 14... Nhf6 $11) 15. Nh4 Nf8 16. Bf3 Nf6 17. Qd2 Kh7 $1 18. h3 (18. Ng2 $15) 18... Qd7 19. Qd3 Rac8 20. Ng2 Rxc1 21. Bxc1 Qa4 22. Bf4 Rc8 23. Qb1 Ba6 24. Ne3 e6 25. h4 Ne4 26. Rd1 Nd7 27. Bxe4 dxe4 28. Rd2 Qb4 29. Kg2 Bb7 (29... Bb5 $17) 30. Rc2 $15 Qb5 (30... Bxd4 $6 31. Rxc8 Bxc8 32. Nc2 $14) (30... Qa4 $15) 31. Rxc8 $11 Bxc8 32. Qc2 Bb7 33. Qc7 Qc6 $1 34. Qd8 $36 {[%mdl 2048] White has some pressure.} e5 $2 {[#]} ({Black should try} 34... Ba6 $11) 35. dxe5 $16 {Hoping for Nd4.} Nxe5 (35... Nf8 $16 36. Nd4 Qd7 37. Qxd7 Nxd7) 36. Bxe5 $18 Bxe5 37. Qe7+ Bg7 {[#]} 38. h5 $1 {[%mdl 512]} Bc8 (38... gxh5 39. Nd4) 39. Nd4 $1 {[%cal Rd4c6]} ({Inferior is} 39. Qxa7 gxh5 40. Nd4 Qc5 $11) 39... Qd7 40. hxg6+ Kxg6 41. Ndxf5 Bf6 $2 (41... Kh7 {was necessary.} 42. Qh4 (42. Qxg7+ Qxg7 43. Nxg7 Kxg7 $16) 42... Qe6 43. Nxg7 Kxg7) 42. Nh4+ Bxh4 43. Qxe4+ ({Don't do} 43. Qxh4 Qe6 $18) 43... Kg7 44. Qxh4 Bb7+ 45. f3 Ba6 46. Kf2 Qb5 47. Qe7+ {White is clearly winning.} Kh8 48. Qf8+ Kh7 49. Qf5+ {Precision: White = 57%, Black = 34%.} 1-0

[Event "5th Srefidensi Celebration 2017"]
[Site "Paramaribo"]
[Date "2017.11.24"]
[Round "6"]
[White "Gu, Xiaobing"]
[Black "Bruzon Batista, Lazaro"]
[Result "1/2-1/2"]
[WhiteElo "2332"]
[BlackElo "2661"]
[Annotator "TA"]
[PlyCount "88"]
[EventDate "2017.??.??"]
[EventCountry "SUR"]
[SourceTitle "playchess.com"]
[Source "ChessBase"]
[SourceQuality "1"]

{[%evp 17,88,0,0,0,13,20,24,0,0,-29,-5,-22,-16,-31,-16,-30,-22,-30,-43,-41,-52,-89,-78,-58,-68,-117,-56,-43,-66,-59,-57,-61,-76,-265,-102,-97,-93,-116,-123,-108,-86,-158,-80,-213,-187,-220,-222,-227,-218,-306,-259,-259,-259,-259,-259,-259,-252,-246,0,0,0,0,0,0,0,0,0,0,11,0,0,0,0]} 1. e4 c5 2. Nf3 e6 3. g3 Nc6 4. Bg2 Nf6 5. Nc3 a6 6. d4 cxd4 7. Nxd4 Qc7 8. O-O h5 {B47: Sicilian: Taimanov: 5 Nc3 Qc7 6 f4, 6 g3 and 6 Be2} 9. Nxc6 (9. h3 Nxd4 10. Qxd4 Bc5 11. Bf4 d6 12. Qd2 h4 13. g4 e5 14. Bg5 Be6 15. Kh1 Bd4 16. Nd1 {1-0 (36) Safarli,E (2633)-Bachmann,A (2648) Linares 2017}) 9... dxc6 {LiveBook: 16 Games} 10. Bg5 Be7 $146 ({Predecessor:} 10... e5 11. Bxf6 gxf6 12. h4 Be6 13. Qe2 O-O-O 14. Rad1 Rd4 15. Rxd4 exd4 16. Nb1 {1-0 (42) Srbis,J (2422)-Horvath,A (2515) Prague 2016}) 11. Qe2 e5 12. a4 a5 13. Kh1 b6 14. Nd1 Ba6 $36 {[%mdl 2048] Black has good play.} 15. c4 Ng4 16. Bxe7 Qxe7 17. h3 Nf6 {[%cal Bg4f6,Bf6d7,Bd7c5][%mdl 32]} 18. Ne3 {next Nf5 is good for White.} g6 19. f4 Nd7 20. f5 O-O-O 21. Rfc1 Qb4 (21... Nc5 $17 {White must now prevent ...Nb3.} 22. Rc3 Rd7) 22. Nc2 $15 Qb3 23. Ne3 Nc5 24. Rc3 Qb4 25. Qf3 $2 (25. Qe1 $17) 25... Rd6 $2 (25... Qxb2 $19 {has better winning chances.} 26. Rcc1 Nd3) 26. Ra2 $17 {Hoping for fxg6.} Nd7 27. c5 bxc5 28. Nc2 Qb7 29. Na3 (29. Qf2 $142) 29... Rd4 (29... g5 $142 30. Kh2 h4) 30. h4 (30. fxg6 $17 fxg6 31. b3) 30... Rd8 $1 $19 (30... Rxa4 31. b3 $15) 31. fxg6 fxg6 32. Bh3 {[#]} Kc7 $1 ({Not} 32... Rxa4 33. b3 $11) 33. Nc2 (33. Rb3 $142 Qa7 34. Ra1) 33... Rf8 34. Nxd4 cxd4 {[%cal Bc5d4,Bd4c3][%mdl 32]} ({Resist} 34... Rxf3 35. Ne6+ Kd6 36. Rxf3 $17) ({Weaker is} 34... exd4 35. Qd1 $17) 35. Qd1 dxc3 36. Qxd7+ Kb6 {( -> ...Qxd7)} 37. Qd6 {[#]} Qf7 $2 (37... c2 $1 $19 {[%mdl 512]} 38. Ra1 Rf3) 38. b4 $11 {The position is equal.} axb4 (38... Qxa2 $5 39. Qc5+ $8 Kc7 40. Qxe5+ Kb7 41. Qe7+ Kb6 42. Qc5+ Kc7 43. Qe7+ Kb6 44. Qc5+ Kc7 45. Qe7+ Kb6 $11) 39. Qxb4+ Kc7 40. Qa5+ Kb7 41. Qb4+ Ka8 {And now ...Rb8 would win.} 42. Rc2 Qf3+ 43. Bg2 Qd1+ 44. Kh2 Qxc2 {Precision: White = 41%, Black = 55%.} 1/2-1/2